000 00820aas a2200205 4500
999 _c53661
_d53661
001 768714001
003 CO-MdFUSB
005 20171030111900.0
008 170727s1996 xxu||||| |||| 00| 0 eng d
022 _a0098-9444
040 _aCO-MdFUSB
_bspa
_cCO-MdFUSB
_dCO-MdFUSB
041 _aeng
100 1 _aBahat, Dan
_eautor
242 _aDebajo de la iglesia del santo sepulcro, Jerusalén:
_bla arqueología y la historia temprana del Gólgota tradicional
245 1 0 _aBeneath the church of the holy sepulchre, Jerusalem :
_bthe archaeology and early history of traditional Golgotha
300 _aVolumen 22. Número 4 (1996), páginas 16-17
_c: 28 cm.
546 _aTexto en inglés
773 0 _tBiblical Archaeology Review
_049395
_959494
_gVolumen 22. Número 4 (1996), páginas 16-17
_qPágina 16
942 _cANA